Policy differences within the United Kingdom: the case of housing policy in Northern Ireland 1979-89 (Record no. 2390)

000 -LEADER
fixed length control field 00470pab a2200157 454500
008 - FIXED-LENGTH DATA ELEMENTS--GENERAL INFORMATION
fixed length control field 180718b xxu||||| |||| 00| 0 eng d
100 ## - MAIN ENTRY--PERSONAL NAME
Personal name Connolly, Michael
245 ## - TITLE STATEMENT
Title Policy differences within the United Kingdom: the case of housing policy in Northern Ireland 1979-89
650 ## - SUBJECT ADDED ENTRY--TOPICAL TERM
Topical term or geographic name entry element U.K
650 ## - SUBJECT ADDED ENTRY--TOPICAL TERM
Topical term or geographic name entry element Housing Policy
650 ## - SUBJECT ADDED ENTRY--TOPICAL TERM
Topical term or geographic name entry element Case Study
650 ## - SUBJECT ADDED ENTRY--TOPICAL TERM
Topical term or geographic name entry element Housing - Northern Ireland
700 ## - ADDED ENTRY--PERSONAL NAME
Personal name Knox, Colin
773 ## - HOST ITEM ENTRY
Main entry heading Public Administration (U.K.)
909 ## -
-- 2390
Holdings
Withdrawn status Lost status Damaged status Not for loan Permanent Location Current Location Date acquired Serial Enumeration / chronology Barcode Date last seen Price effective from Koha item type
        Indian Institute of Public Administration Indian Institute of Public Administration 2018-07-19 Issue no: 69(3), Autumn 91, p.303-24 AR2390 2018-07-19 2018-07-19 Articles

Powered by Koha